000 01006nam a2200265 a 4500
001 000016003
005 20210319083157.0
008 100223s1992 dr 000 0 spa d
040 _aDO-SdBNP
_bspa
_cBNPHU
082 _a371.822
_bR696s
100 1 _aRodríguez, Natalia
_935946
245 1 0 _aSexismo y discriminación en la educación técnica en la República Dominicana /
_cNatalia Rodríguez.
260 _aSanto Domingo :
_bCIPAF,
_c1992.
300 _a125 P. ;
_c22 cm.
490 1 _aTeoría
504 _aBibliografia : p. 121-123
590 _aInventariado, 2018/BT
650 0 _aMujeres en República Dominicana
_92066
650 4 _aEducación tecnologíca
_zRepública Dominicana
_935947
650 4 _aEducación de la mujer
_zRepública Dominicana
_98402
650 4 _aDiscriminación sexual en la educación
_97619
710 2 _aCentro de Investigación para la Acción Femenina (República Dominicana)
_922613
830 0 _aTeoría
_935948
910 _aValidado. Control de calidad. MFF
999 _c15545
_d15545